Δικτύωση υπολογιστών : προσέγγιση απο πάνω προς τα κάτω
Αποθηκεύτηκε σε:
| Κύριοι συγγραφείς: | , |
|---|---|
| Άλλοι συγγραφείς: | , , , |
| Μορφή: | Βιβλίο |
| Γλώσσα: | Greek English |
| Δημοσίευση: |
Αθήνα :
Μ. Γκιούρδας,
2011.
|
| Έκδοση: | 2η εκδ. |
| Θέματα: | |
| Ετικέτες: |
Προσθήκη ετικέτας
Δεν υπάρχουν, Καταχωρήστε ετικέτα πρώτοι!
|
MARC
| LEADER | 00000cam a2200000 i 4500 | ||
|---|---|---|---|
| 001 | 1/24213 | ||
| 008 | 130108r2011 gr | ||| |||| ||gre|| | ||
| 020 | |a 9605125528 | ||
| 020 | |a 9789605125523 | ||
| 035 | |l 10113402 | ||
| 040 | |a GR-MyUa |b gre |e AACR2 | ||
| 041 | 1 | |a gre |h eng | |
| 082 | 7 | |a 004.678 |2 (22) | |
| 100 | 1 | |a Kurose, James F. | |
| 245 | 1 | 0 | |a Δικτύωση υπολογιστών : |b προσέγγιση απο πάνω προς τα κάτω / |c James F. Kurose, Keith W. Ross ; απόδοση Γιάννης Β. Σαμαράς ; επιστημονική επιμέλεια Αθανάσιος Μανιτσάρης, Ιωάννης Μαυριδής, Παναγιώτης Φουληράς. |
| 250 | |a 2η εκδ. | ||
| 260 | |a Αθήνα : |b Μ. Γκιούρδας, |c 2011. | ||
| 300 | |a xxvi, 834 σ. : |b εικ., πίν. ; |c 24 εκ. | ||
| 504 | |a Βιβλιογραφία: σ.[791]-832. Ευρετήριο. | ||
| 650 | 0 | |a Internet. | |
| 650 | 0 | |a Computer networks. | |
| 700 | 1 | |a Ross, Keith W., |d 1956- |e aut | |
| 700 | 1 | |a Μανιτσάρης, Αθανάσιος, |e edt | |
| 700 | 1 | |a Φουληράς, Παναγιώτης, |e edt | |
| 700 | 1 | |a Σαμαράς, Γιάννης Β. |e trl | |
| 700 | 1 | |a Μαυρίδης, Ιωάννης, |e edt | |
| 765 | 0 | 8 | |i Μετάφραση του: |t Computer networking : |
| 852 | |a INST |b SAMOS |e 20130110 |h 004.678 KUR |p 005300033528 |q 005300033528 |t BK |y 0 | ||
| 852 | |a INST |b SAMOS |c EUDOXUS |e 20130108 |h 004.678 KUR |p 005300033512 |q 005300033512 |t EDX |y 0 | ||
| 852 | |a INST |b SAMOS |c EUDOXUS |e 20130412 |h 004.678 KUR |p 005300039932 |q 005300039932 |t EDX |y 0 | ||
| 901 | |a BIBL3-2013-1 | ||
| 920 | |a ΕΥΔΟΞΟΣ |b ΕΠΙΣΤΡΟΦΗ |y Σάμος |z 2012-10 | ||
| 922 | |a 3ΕΛΗ |b 2012-10 |c ΤΜΠΕΣ |d Best Book Hunters | ||
| 970 | |a ΓΟΥΒΑΛΑ |b ΒΑΣΩ |z 2013/01/08 | ||